Synchronous motor for driving mechanisms in chemically aggressive environment; Современные техника и технологии; Т. 2
| Parent link: | Современные техника и технологии: сборник трудов XXI международной научной конференции студентов, аспирантов и молодых ученых, Томск, 5-9 октября 2015 г./ Национальный исследовательский Томский политехнический университет (ТПУ).— , 2015 Т. 2.— 2015.— [С. 99-101] |
|---|---|
| Autore principale: | |
| Enti autori: | , |
| Altri autori: | , , |
| Riassunto: | Заглавие с титульного экрана В данной статье рассматриваются вопросы исследования синхронных машин дискового типа герметичного исполнения для использования в составе оборудования химической отрасли. Приведены результаты моделирования машины дискового типа с магнитосвязанными дисками и данные, полученные при экспериментальном исследовании электромагнитных потерь в герметизирующей перегородке макетного образца. |
| Lingua: | inglese |
| Pubblicazione: |
2015
|
| Serie: | Автоматическое управление и системная инженерия |
| Soggetti: | |
| Accesso online: | http://earchive.tpu.ru/handle/11683/22044 http://www.lib.tpu.ru/fulltext/c/2015/C01/V2/029.pdf |
| Natura: | MixedMaterials Elettronico Capitolo di libro |
| KOHA link: | https://koha.lib.tpu.ru/cgi-bin/koha/opac-detail.pl?biblionumber=615224 |
MARC
| LEADER | 00000naa2a2200000 4500 | ||
|---|---|---|---|
| 001 | 615224 | ||
| 005 | 20231222104038.0 | ||
| 035 | |a (RuTPU)RU\TPU\conf\13423 | ||
| 035 | |a RU\TPU\conf\13420 | ||
| 090 | |a 615224 | ||
| 100 | |a 20151030d2015 k y0rusy50 ba | ||
| 101 | 0 | |a eng | |
| 102 | |a RU | ||
| 105 | |a y z 101zy | ||
| 135 | |a drcn ---uucaa | ||
| 181 | 0 | |a i | |
| 182 | 0 | |a b | |
| 200 | 1 | |a Synchronous motor for driving mechanisms in chemically aggressive environment |d Синхронный электродвигатель для привода механизмов в химически агрессивной среде |f D. F. Fedorov, S. V. Leonov, O. V. Melnichuk |g sci. adv. A. G. Garganeev | |
| 203 | |a Текст |c электронный | ||
| 225 | 1 | |a Автоматическое управление и системная инженерия | |
| 300 | |a Заглавие с титульного экрана | ||
| 320 | |a [Библиогр.: с. 101 (4 назв.)] | ||
| 330 | |a В данной статье рассматриваются вопросы исследования синхронных машин дискового типа герметичного исполнения для использования в составе оборудования химической отрасли. Приведены результаты моделирования машины дискового типа с магнитосвязанными дисками и данные, полученные при экспериментальном исследовании электромагнитных потерь в герметизирующей перегородке макетного образца. | ||
| 337 | |a Adobe Reader | ||
| 461 | 1 | |0 (RuTPU)RU\TPU\conf\13102 |t Современные техника и технологии |o сборник трудов XXI международной научной конференции студентов, аспирантов и молодых ученых, Томск, 5-9 октября 2015 г. |o в 2 т. |f Национальный исследовательский Томский политехнический университет (ТПУ) |d 2015 | |
| 463 | 0 | |0 (RuTPU)RU\TPU\conf\13105 |t Т. 2 |f под ред. А. М. Малышенко [и др.] |v [С. 99-101] |d 2015 | |
| 510 | 1 | |a Синхронный электродвигатель для привода механизмов в химически агрессивной среде |z rus | |
| 610 | 1 | |a труды учёных ТПУ | |
| 610 | 1 | |a электронный ресурс | |
| 610 | 1 | |a синхронные электродвигатели | |
| 610 | 1 | |a приводы | |
| 610 | 1 | |a механизмы | |
| 610 | 1 | |a агрессивные среды | |
| 700 | 1 | |a Fedorov |b D. F. | |
| 701 | 1 | |a Leonov |b S. V. |c specialist in the field of informatics and computer technology |c Associate Professor of Tomsk Polytechnic University, Candidate of technical sciences |f 1976- |g Sergey Vladimirovich |3 (RuTPU)RU\TPU\pers\33438 |9 17120 | |
| 701 | 1 | |a Melnichuk |b O. V. | |
| 702 | 1 | |a Garganeev |b A. G. |c specialist in the field of electrical engineering |c Professor of Tomsk Polytechnic University, doctor of technical Sciences |f 1955- |g Alexander Georgievich |4 727 | |
| 712 | 0 | 2 | |a Национальный исследовательский Томский политехнический университет (ТПУ) |b Энергетический институт (ЭНИН) |b Кафедра электротехнических комплексов и материалов (ЭКМ) |3 (RuTPU)RU\TPU\col\20031 |
| 712 | 0 | 2 | |a Национальный исследовательский Томский политехнический университет (ТПУ) |b Институт кибернетики (ИК) |b Кафедра интегрированных компьютерных систем управления (ИКСУ) |3 (RuTPU)RU\TPU\col\18701 |
| 801 | 2 | |a RU |b 63413507 |c 20210120 |g RCR | |
| 856 | 4 | |u http://earchive.tpu.ru/handle/11683/22044 | |
| 856 | 4 | |u http://www.lib.tpu.ru/fulltext/c/2015/C01/V2/029.pdf | |
| 942 | |c BK | ||